000 00783nam a22002057a 4500
999 _c16986
_d16986
003 AR-CdUCM
008 190507b ||||| |||| 00| 0 spa d
040 _aMUNICIPALIDAD PROVINCIAL DEL CUSCO
_cBIBLIOTECA MUNICIPAL DEL CUSCO
082 _a331.8 /
_bS91
100 _aSulmont, Denis
_936779
245 _aEl movimiento obrero peruano (1890 - 1980) :
_bReseña histórica /
260 _aLima :
_bTarea centro de publicaciones educativas,
_c1979.
300 _a237 páginas ;
_c17 cm.
505 _aContenido : Los inicios: ( 1890-1930) -- Nacimiento del proletariado -- Luchas obreras y emergencia del proletariado como fuerza social ...
650 _aMovimientos
_914998
650 _aObreros
_912481
650 _aPerú
_935
942 _2ddc
_cLIBROS
945 _arah
_d07/05/2019